| 000 | 00685nam a2200193Ia 4500 | ||
|---|---|---|---|
| 001 | 11867 | ||
| 003 | GE_BSU | ||
| 008 | 181216s||||||||xx |||||||||||||| ||und|| | ||
| 040 | _cGE_BSU | ||
| 245 | _aРеферативный журнал.№8.2014.Экономика промышленности | ||
| 245 | _b20.Экономика промышленности.Выходит 12раз в год. | ||
| 245 | _cгл. ред. Ран п.а Минакир, и др. | ||
| 260 | _aМосква | ||
| 260 | _bВинити | ||
| 260 | _c2014 | ||
| 300 | _a12стр.30см. | ||
| 653 | _aРеферативный журнал.Экономика промышленности. | ||
| 942 | _cCR | ||
| 999 |
_c45046 _d45046 |
||